Catálogo
Digital

Catálogo
Digital

Elogio de la necedad (Record no. 14322)

MARC details
000 -CABECERA
campo de control de longitud fija 01561nam a2200301 4500
003 - IDENTIFICADOR DEL NÚMERO DE CONTROL
campo de control EC-UNACH
005 - FECHA Y HORA DE LA ÚLTIMA TRANSACCIÓN
campo de control 20251218111145.0
006 - CÓDIGOS DE INFORMACIÓN DE LONGITUD FIJA--CARACTERÍSTICAS DEL MATERIAL ADICIONAL
campo de control de longitud fija s||||gr|||| 00| 00
008 - DATOS DE LONGITUD FIJA--INFORMACIÓN GENERAL
campo de control de longitud fija 150116t9999 mx r gr 000 0 spa d
020 ## - NÚMERO INTERNACIONAL ESTÁNDAR DEL LIBRO
Número Internacional Estándar del Libro 978-9942-8531-6-5
040 ## - FUENTE DE LA CATALOGACIÓN
Centro catalogador/agencia de origen EC-UNACH
Centro/agencia transcriptor EC-UNACH
041 ## - CÓDIGO DE LENGUA
Código de lengua del texto/banda sonora o título independiente spa
082 04 - NÚMERO DE LA CLASIFICACIÓN DECIMAL DEWEY
Número de edición 23
Número de clasificación 342
Número de documento/Ítem L018526
110 ## - ENTRADA PRINCIPAL--NOMBRE DE ENTIDAD CORPORATIVA
Nombre de entidad corporativa o nombre de jurisdicción como elemento de entrada Consejo de la judicatura
245 ## - MENCIÓN DE TÍTULO
Título Elogio de la necedad
250 ## - MENCIÓN DE EDICIÓN
Mención de edición S/N
264 ## - Producción, publicación, distribución, fabricación y copyright
Lugar de producción, publicación, distribución, fabricación Ecuador
Nombre del de productor, editor, distribuidor, fabricante Consejo de la judicatura
Fecha de de producción, publicación, distribución, fabricación o copyright 2014
300 ## - DESCRIPCIÓN FÍSICA
Extensión 284
505 ## - NOTA DE CONTENIDO CON FORMATO
Nota de contenido con formato Estructura del contenido (sin capítulos formales):<br/>Introducción de la Locura: La Locura se presenta a sí misma, hija de Plutón, nacida de la Abundancia y la Juventud (Hebe), rodeada de sus sirvientes como la Adulación, la Pereza, la Demencia y la Voluptuosidad.<br/>Elogio a sí misma: Argumenta que es indispensable para la vida humana, fuente de alegría, placeres y la ilusión necesaria para soportar la existencia.<br/>Crítica a los tipos de personas:<br/>Los mortales en general: Cómo la Locura interviene en el matrimonio, la amistad y la vida cotidiana.<br/>Los sabios y eruditos: Se burla de su pedantería y su búsqueda inútil de conocimiento.<br/>Los poderosos y clérigos: Ataques mordaces a príncipes, monjes, teólogos y papas, criticando su hipocresía y ambición.
650 ## - PUNTO DE ACCESO ADICIONAL DE MATERIA--TÉRMINO DE MATERIA
Término de materia o nombre geográfico como elemento inicial HABLA DE LA NECEDAD
650 ## - PUNTO DE ACCESO ADICIONAL DE MATERIA--TÉRMINO DE MATERIA
Término de materia o nombre geográfico como elemento inicial ESTULTICIA DE LOS DIOSES
650 ## - PUNTO DE ACCESO ADICIONAL DE MATERIA--TÉRMINO DE MATERIA
Término de materia o nombre geográfico como elemento inicial LOS FILOSOFOS
700 ## - PUNTO DE ACCESO ADICIONAL--NOMBRE DE PERSONA
Nombre de persona Efraín Villacis
942 ## - ELEMENTOS DE PUNTO DE ACCESO ADICIONAL (KOHA)
Fuente del sistema de clasificación o colocación Clasificación Decimal Dewey
Tipo de ítem Koha Libros
999 ## - NÚMEROS DE CONTROL DE SISTEMA (KOHA)
Koha biblionumber 14322
Holdings
Estado de pérdida Fuente del sistema de clasificación o colocación Estado dañado No para préstamo Localización permanente Ubicación/localización actual Ubicación en estantería Fecha de adquisición Fuente de adquisición Número de inventario Total de préstamos Signatura topográfica completa Código de barras Fecha visto por última vez Precio válido a partir de Tipo de ítem Koha Centro de costos
  Clasificación Decimal Dewey     Biblioteca Campus Norte Biblioteca Campus Norte Facultad de Ciencias Políticas y Administrativas - Generalidades 18/12/2025 Transitoria segunda Resolución N°0311-CU-UNACH-SE-ORD-16-09-24 39932887   342 VIL L018526 L018526 18/12/2025 18/12/2025 Libros  

Powered by Koha